Советское строительство: учебник

Dades bibliogràfiques
Autor principal: Барабашев Г. В. Георгий Васильевич
Altres autors: Шеремет К. Ф. Константин Филиппович
Sumari:Исключено из фонда НТБ ТПУ
Idioma:rus
Publicat: Москва, Юридическая литература, 1988
Format: Llibre
KOHA link:https://koha.lib.tpu.ru/cgi-bin/koha/opac-detail.pl?biblionumber=262166

MARC

LEADER 00000nam0a2200000 4500
001 262166
005 20231031221923.0
010 |a 5726000498 
035 |a (RuTPU)RU\TPU\book\285148 
090 |a 262166 
100 |a 20140530d1988 m y0rusy50 ca 
101 0 |a rus 
102 |a RU 
105 |a y j 001zy 
200 1 |a Советское строительство  |e учебник  |f Г. В. Барабашев, К. Ф. Шеремет 
210 |a Москва  |c Юридическая литература  |d 1988 
215 |a 560 с.  |c ил. 
333 |a Исключено из фонда НТБ ТПУ 
700 1 |a Барабашев  |b Г. В.  |g Георгий Васильевич 
701 1 |a Шеремет  |b К. Ф.  |g Константин Филиппович 
801 1 |a RU  |b 63413507  |c 20140530 
801 2 |a RU  |b 63413507  |c 20220314  |g RCR 
942 |c BK